000 00469nam a2200157 4500
999 _c5832
_d5832
008 161122b xxu||||| |||| 00| 0 eng d
022 _a9770118389007
082 _aDPer 641.05 F73 Mar-Jul 2013
100 _917740
_aOzaeta, Anne Marie
245 _aCamping goes gourmet/
_cAnne Marie Ozaeta.
260 _aQuezon City:
_bABS CBN Publishing, Inc.,
_c©2013.
300 _apages 62-68;
_c30 cm.
500 _aFood.
650 0 _917741
_aCamping
942 _2ddc
_cPER